000 nam a22 7a 4500
999 _c127340
_d127340
008 180111b xxu||||| |||| 00| 0 eng d
050 _aBT202.D571
100 _aDodd, C.-H.
_938363
245 _aLe fondateur du christianisme
_btraduit de l'anglais par Paul-Andre Lesort
_cC.-H. Dodd
260 _aParis
_bEditions Du Seuil
_c1972
300 _a185p. ;
_c21cm.
600 _aJesus Christ
_xPerson
_922746
942 _2lcc
_cMONOGRAPH